Chargement en cours…

Roman Pottery in the near East Proceedings of the Round Table Held in Berlin, 19-20 February 2010.

Presents papers presented at an international workshop dedicated to the study of Roman common ware pottery in the Near East held in Berlin on 18th and 19th February 2010.

Détails bibliographiques
Cote:Libro Electrónico
Auteur principal: Fischer-Genz, Bettina
Autres auteurs: Gerber, Yvonne, Hamel, Hanna
Format: Électronique eBook
Langue:Inglés
Publié: Oxford : Archaeopress, 2014.
Collection:Roman and Late Antique Mediterranean Pottery Ser.
Sujets:
Accès en ligne:Texto completo

MARC

LEADER 00000cam a2200000Mu 4500
001 EBOOKCENTRAL_on1202460092
003 OCoLC
005 20240329122006.0
006 m o d
007 cr cnu---unuuu
008 201031s2014 enk o ||| 0 eng d
040 |a EBLCP  |b eng  |c EBLCP  |d EBLCP  |d LOA  |d OCLCO  |d OCLCF  |d N$T  |d OCLCO  |d OCLCQ  |d OCLCO  |d OCLCL 
020 |a 1784910686 
020 |a 9781784910686  |q (electronic bk.) 
035 |a (OCoLC)1202460092 
050 4 |a DS56 .R663 2014 
082 0 4 |a 738.30934 
049 |a UAMI 
100 1 |a Fischer-Genz, Bettina. 
245 1 0 |a Roman Pottery in the near East  |h [electronic resource] :  |b Proceedings of the Round Table Held in Berlin, 19-20 February 2010. 
260 |a Oxford :  |b Archaeopress,  |c 2014. 
300 |a 1 online resource (225 p.). 
490 1 |a Roman and Late Antique Mediterranean Pottery Ser. ;  |v v.3 
500 |a Description based upon print version of record. 
520 |a Presents papers presented at an international workshop dedicated to the study of Roman common ware pottery in the Near East held in Berlin on 18th and 19th February 2010. 
590 |a ProQuest Ebook Central  |b Ebook Central Academic Complete 
590 |a eBooks on EBSCOhost  |b EBSCO eBook Subscription Academic Collection - Worldwide 
650 0 |a Pottery, Roman  |z Middle East  |v Congresses. 
650 0 |a Pottery, Hellenistic  |v Congresses. 
650 0 |a Pottery, Byzantine  |v Congresses. 
651 0 |a Middle East  |x Antiquities  |v Congresses. 
650 4 |a Pottery, Roman-Middle East-Congresses. 
650 4 |a Pottery, Hellenistic-Congresses. 
650 4 |a Pottery, Byzantine-Congresses. 
650 4 |a Middle East-Antiquities-Congresses. 
651 6 |a Moyen-Orient  |x Antiquités  |v Congrès. 
650 7 |a Antiquities  |2 fast 
650 7 |a Pottery, Byzantine  |2 fast 
650 7 |a Pottery, Hellenistic  |2 fast 
650 7 |a Pottery, Roman  |2 fast 
651 7 |a Middle East  |2 fast 
655 7 |a Conference papers and proceedings  |2 fast 
700 1 |a Gerber, Yvonne. 
700 1 |a Hamel, Hanna. 
758 |i has work:  |a Roman pottery in the near east (Text)  |1 https://id.oclc.org/worldcat/entity/E39PCH4wgJqHwmP3HtywGkMWrC  |4 https://id.oclc.org/worldcat/ontology/hasWork 
776 0 8 |i Print version:  |a Fischer-Genz, Bettina  |t Roman Pottery in the near East: Local Production and Regional Trade  |d Oxford : Archaeopress,c2014 
830 0 |a Roman and Late Antique Mediterranean Pottery Ser. 
856 4 0 |u https://ebookcentral.uam.elogim.com/lib/uam-ebooks/detail.action?docID=6357379  |z Texto completo 
938 |a ProQuest Ebook Central  |b EBLB  |n EBL6357379 
938 |a EBSCOhost  |b EBSC  |n 2633355 
994 |a 92  |b IZTAP